000 01742cam a2200373 i 4500
001 18605563
003 OSt
005 20231109150308.0
008 150506s2016 maua 001 0 eng
010 _a 2015288078
020 _a9781284049978 (pbk)
040 _aDLC
_beng
_cLC
_erda
042 _apcc
050 0 0 _aRA776.5.A59
082 0 0 _a613
_223
100 1 _aHousman, Jeff.
_92776
240 1 0 _aEssential concepts for healthy living
245 1 0 _aAlters & Schiff essential concepts for healthy living. /
_cJeff Housman, Mary Odum.
246 3 0 _aEssential concepts for healthy living
250 _a7th ed.
264 1 _aBurlington, MA:
_bJones and Bartlett Learning,
_c2016.
300 _axxiii, 717 p. :
_bcolor illustrations ;
_c28 cm
336 _atext
_btxt
_2rdacontent
337 _aunmediated
_bn
_2rdamedia
338 _avolume
_bnc
_2rdacarrier
500 _aRevision of: Essential concepts for healthy living / Sandra Alters, Wendy Schiff. 2013. 6th ed.
504 _aIncludes bibliographical references and index.
505 2 _aContents: Health: the foundation for life -- Psychological health --Stress and its management -- Violence and abuse -- Reproductive health -- Romantic relationships and sexuality -- Drug use and abuse -- Alcohol and tobacco -- Nutrition -- Body weight and its management -- Physical fitness -- Cardiovascular health -- Cancer -- Infection, immunity, and noninfectious disease -- Aging, dying, and death -- Environmental health --
650 0 _aHealth.
_92777
700 1 _aOdum, Mary.
_92778
906 _a7
_bcbc
_corigres
_d1
_encip
_f20
_gy-gencatlg
942 _2lcc
_cBK
999 _c10202
_d17702